书目信息 |
| 题名: |
无产阶级贫困化理论研究
|
|
| 作者: | 蒋学模 著 | |
| 分册: | ||
| 出版信息: | 北京 中国社会科学出版社 1981 |
|
| 页数: | 354页 | |
| 开本: | 19cm | |
| 丛书名: | ||
| 单 册: | ||
| 中图分类: | D04 | |
| 科图分类: | ||
| 主题词: | 无产阶级贫困化--研究 , 社会主义革命--理论 , 无产阶级专政--理论 , 社会主义革命--关系--无产阶级专政 | |
| 电子资源: | ||
| ISBN: | ||
| 000 | 00732nam0 2200265 45 | |
| 001 | 1236588890 | |
| 005 | 20121004101053.73 | |
| 010 | @dCNY1.05 | |
| 091 | @aCN@b4190.058 | |
| 100 | @a19950309d1981 em y0chiy0121 ea | |
| 101 | 0 | @achi |
| 102 | @aCN@b110000 | |
| 105 | @ay z 000yy | |
| 200 | 10 | @a无产阶级贫困化理论研究@Awu chan jie ji pin kun hua li lun yan jiu@f蒋学模等著 |
| 210 | @a北京@c中国社会科学出版社@d1981 | |
| 215 | @a354页@d19cm | |
| 606 | @a无产阶级贫困化@x研究 | |
| 606 | 0 | @a社会主义革命@x理论 |
| 606 | 0 | @a无产阶级专政@x理论 |
| 606 | 0 | @a社会主义革命@x关系@x无产阶级专政 |
| 690 | @aD04@v3 | |
| 701 | 0 | @a蒋学模@Ajiang xue mo@4著 |
| 801 | 0 | @aCN@bTSSF |
| 801 | 2 | @aCN@bNLC |
| 905 | @a10447@dD04@eJY9 | |
| 无产阶级贫困化理论研究/蒋学模等著.-北京:中国社会科学出版社,1981 |
| 354页;19cm |
| ISBN :CNY1.05 |
| ● |
| 相关链接 |
|
|
|
|
正题名:无产阶级贫困化理论研究
索取号:D04/JY9
 
预约/预借
| 序号 | 登录号 | 条形码 | 馆藏地/架位号 | 状态 | 备注 |
| 1 | 7811215 | 278112150 | 学院路分馆/ [索取号:D04/JY9] | 在馆 | |
| 2 | 7811216 | 278112169 | 学院路分馆/ [索取号:D04/JY9] | 在馆 | |
| 3 | 7811217 | 278112178 | 学院路分馆/ [索取号:D04/JY9] | 在馆 |